000 00523nam a2200169 i 4500
001 58998
003 ES-MaACL
005 20230906163934.0
007 t|
008 031027s1972 sp ||||1| spa d
100 1 _aEchaide Itarte, Ana María.
_946490
245 1 3 _aEl habla de Anguiano /
_cAna María Echaide, Carmen Saralegui.
260 _aLogroño :
_bDiputación Provincial de Logroño,
_c1972.
300 _a67 p., 7 lám. ;
_c24 cm.
700 1 _aSaralegui, Carmen.
_9103751
852 _aES-MaACL
_jC-43103
_bR.81742
999 _c58998
_d58998